Cuarenta siglos : (Record no. 54638)

MARC details
000 -LEADER
campo de control de longitud fija 01000nam a22002295i 4500
001 - NÚMERO DE CONTROL
campo de control 54638
003 - IDENTIFICADOR DE NÚMERO DE CONTROL
campo de control ES-MaACL
005 - FECHA Y HORA DE LA ÚLTIMA TRANSACCIÓN
campo de control 20250815062602.0
007 - CAMPO FIJO DE DESCRIPCIÓN FÍSICA--INFORMACIÓN GENERAL
campo de control de longitud fija t|
008 - DATOS DE LONGITUD FIJA--INFORMACIÓN GENERAL
campo de control de longitud fija 960724s1876 sp ||||1| spa d
080 ## - NÚMERO DE LA CLASIFICACIÓN DECIMAL UNIVERSAL
Número de la Clasificación Decimal Universal 94(100)
100 1# - ENTRADA PRINCIPAL--NOMBRE DE PERSONA
Nombre de persona Fuentes, Anselmo.
9 (RLIN) 52890
245 10 - MENCIÓN DEL TÍTULO
Título Cuarenta siglos :
Resto del título historia útil a la generación presente /
Mención de responsabilidad, etc. por Don Anselmo Fuentes.
260 ## - PUBLICACIÓN, DISTRIBUCIÓN, ETC.
Lugar de publicación, distribución, etc. Madrid :
Nombre del editor, distribuidor, etc. A. de Carlos e Hijo, editores,
Fecha de publicación, distribución, etc. 1876 (
Fabricante Imp., estereotipia y galvanoplastia de Aribau y Cª)
300 ## - DESCRIPCIÓN FÍSICA
Extensión 234 p. ;
Dimensiones 21 cm.
505 8# - NOTA DE CONTENIDO CON FORMATO
Nota de contenido con formato Contiene: El Génesis y las ciencias ; Abraham y la vida patriarcal ; Pericles y la sociedad de Atenas ; Octavio Augusto y el mundo romano ; Carlos V ante Europa ; Siglo de Luis XIV ; Mirabeau y la Revolución
530 ## - NOTA DISPONIBLE DE FORMULARIO FÍSICO ADICIONAL
Nota de formato físico adicional disponible Disponible en formato digital.
650 #7 - PUNTO DE ACCESO ADICIONAL DE MATERIA--TÉRMINO DE MATERIA
Término de materia o nombre geográfico como elemento de entrada Historia universal
Fuente del encabezamiento o término embne
9 (RLIN) 13429
852 4# - LOCALIZACIÓN
Ubicación ES-MaACL
Número de control de estantería D-1714
856 4# - LOCALIZACIÓN Y ACCESO ELECTRÓNICOS
Identificador Uniforme de Recursos <a href="http://bdh-rd.bne.es/viewer.vm?id=0000201247&page=1 ">http://bdh-rd.bne.es/viewer.vm?id=0000201247&page=1 </a>
Nota pública Biblioteca Digital Hispánica
Holdings
Estatus retirado Estado de pérdida Estado de daño No para préstamo Colección Biblioteca de origen Biblioteca actual Ubicación en estantería Fecha de adquisición Fuente de adquisición Total de préstamos Signatura topográfica completa Código de barras Visto por última vez Precio de reemplazo Tipo de ítem Koha
        Colección digital Biblioteca del Ateneo de Madrid Biblioteca del Ateneo de Madrid Sala Valle Inclán 17/01/2008     D-1714 901057412 23/02/2023 23/02/2023 Libro impreso antiguo